[Event "Monroe (MI Op/5/15)"]
[Site "?"]
[Date "1986.??.??"]
[Round "?"]
[White "Moody, David"]
[Black "Bailey, Greg"]
[Result "1-0"]
[WhiteElo "2015"]
[BlackElo "2065"]
[PlyCount "73"]
[EventDate "1986.??.??"]

{5/(15)} 1. b4 Nf6 2. Bb2 e6 3. b5 a6 4. a4 axb5 5. axb5 Rxa1 6. Bxa1 b6 7. e3
Bb7 8. Nf3 Be7 9. Be2 d6 10. O-O Nbd7 11. c4 O-O 12. Qc2 e5 13. Nc3 e4 14. Nd4
Nc5 15. f3 Qd7 16. fxe4 Nfxe4 17. Nf5 Bf6 18. Bg4 Qd8 19. d4 Nxc3 20. dxc5 Be4
21. Qb3 Ne2+ 22. Kf2 Bxf5 23. Bxf5 Bxa1 24. Kxe2 Be5 25. cxb6 cxb6 26. g3 g6
27. Be4 Qg5 28. Bd5 Qh5+ 29. Kd3 Qxh2 30. c5 dxc5 31. Bxf7+ Kg7 32. Qe6 Qxg3
33. Qe7 Bf4 34. Be6+ Kh6 35. Rh1+ Qh2 36. Rxh2+ Bxh2 37. Qxf8+ 1-0

[Event "Kalamazoo (WMUSO/1/11)"]
[Site "?"]
[Date "1986.??.??"]
[Round "?"]
[White "Moody, David"]
[Black "Allen, B.."]
[Result "1-0"]
[WhiteElo "1970"]
[BlackElo "1605"]
[PlyCount "47"]
[EventDate "1986.??.??"]

{1/(11)} 1. e4 Nf6 2. Nc3 g6 3. d4 Bg7 4. e5 Nh5 5. g4 Nf6 6. exf6 Bxf6 7. Bg2
e6 8. Nf3 d5 9. Bf4 Bd7 10. Qd2 Nc6 11. O-O-O Nb4 12. a3 Nc6 13. Nb5 O-O 14.
Bxc7 Qc8 15. Bd6 Re8 16. Nc7 Bd8 17. Nxa8 Qxa8 18. h4 Qc8 19. Qh6 Na5 20. Ng5
Qxc2+ 21. Kxc2 Ba4+ 22. Kb1 Bxg5 23. hxg5 Bxd1 24. Qxh7# 1-0

[Event "Taylor (SEMO/1/8)"]
[Site "?"]
[Date "1986.??.??"]
[Round "?"]
[White "Mitchell, S.."]
[Black "Stefanski, Mark"]
[Result "1-0"]
[WhiteElo "2080"]
[BlackElo "1845"]
[PlyCount "99"]
[EventDate "1986.??.??"]

{1/(8)} 1. d4 d5 2. Nf3 Nf6 3. Bg5 h6 4. Bh4 Bf5 5. e3 Nbd7 6. Bd3 Bxd3 7. cxd3
c6 8. O-O Qc7 9. Bg3 Qb6 10. Nc3 Nh5 11. Ne5 Nxe5 12. Bxe5 Nf6 13. Na4 Qb5 14.
Nc5 b6 15. a4 Qxb2 16. Na6 Rc8 17. a5 Nd7 18. Qg4 e6 19. f4 Nxe5 20. fxe5 g6
21. Qf3 Rh7 22. Rfb1 Qc3 23. axb6 axb6 24. Nc7+ Rxc7 25. Ra8+ Kd7 26. Rxf8 Ke7
27. Rb8 f5 28. exf6+ Kf7 29. Qf4 Rd7 30. R8xb6 g5 31. Qe5 Qxd3 32. Rc1 Rh8 33.
Rbxc6 Re8 34. h3 Qf5 35. Rf1 Qxe5 36. dxe5 d4 37. exd4 Rxd4 38. Rc7+ Kg6 39.
Rg7+ Kh5 40. g4+ Kh4 41. Rf3 Rf4 42. Kg2 Rb8 43. Rxf4 gxf4 44. Re7 Rb2+ 45. Kf3
Kxh3 46. f7 Rb3+ 47. Ke4 Rb4+ 48. Kd3 Rb3+ 49. Kc2 Rg3 50. f8=Q 1-0

[Event "Monroe (RVO/3/10)"]
[Site "?"]
[Date "1986.??.??"]
[Round "?"]
[White "Mitchell, S.."]
[Black "Smith, Les L"]
[Result "1-0"]
[WhiteElo "2080"]
[BlackElo "1920"]
[PlyCount "42"]
[EventDate "1986.??.??"]

{3/(10)} 1. Nc3 f5 2. e4 fxe4 3. d3 exd3 4. Bxd3 g6 5. Nf3 Bg7 6. Bg5 c6 7. Qd2
d5 8. O-O-O Nf6 9. Ne5 Nbd7 10. f4 Nc5 11. Bxg6+ hxg6 12. Nxg6 Rh7 13. Rhe1 Bg4
14. Nxe7 Nce4 15. Nexd5 cxd5 16. Bxf6 Qxf6 17. Qxd5 Kf8 18. Qxe4 Bxd1 19. Qxh7
Qxf4+ 20. Kb1 Bg4 21. g3 Bf5 1-0

[Event "Taylor (SEMO/4/6)"]
[Site "?"]
[Date "1986.??.??"]
[Round "?"]
[White "Mitchell, S.."]
[Black "Polk, R.."]
[Result "0-1"]
[WhiteElo "2080"]
[BlackElo "2140"]
[PlyCount "66"]
[EventDate "1986.??.??"]

{4/(6)} 1. d4 e6 2. Nf3 c5 3. c4 Nf6 4. d5 d6 5. Nc3 e5 6. Qc2 Na6 7. a3 Be7 8.
g3 O-O 9. Bg2 Bd7 10. O-O Nc7 11. b4 cxb4 12. axb4 b5 13. Nd2 bxc4 14. Nxc4 Nb5
15. Nxb5 Bxb5 16. Na3 Qb8 17. Bg5 Rc8 18. Qb2 Bd7 19. h4 Rc7 20. Rfc1 Rb7 21.
Rab1 a5 22. b5 Bd8 23. Rc6 Bb6 24. Bxf6 gxf6 25. e3 Bc5 26. Rxc5 dxc5 27. d6
Rb6 28. Qc2 Qc8 29. Bxa8 Qxa8 30. e4 Qc8 31. Qa4 Rxd6 32. Qxa5 Qb7 33. b6 Qxe4
0-1

[Event "Monroe (RVO/1/6)"]
[Site "?"]
[Date "1986.??.??"]
[Round "?"]
[White "Mitchell, S.."]
[Black "Mills, J.."]
[Result "0-1"]
[WhiteElo "2080"]
[BlackElo "2265"]
[PlyCount "62"]
[EventDate "1986.??.??"]

{1/(6)} 1. d4 Nf6 2. c4 g6 3. Nc3 Bg7 4. e4 O-O 5. Nge2 c5 6. d5 b5 7. cxb5 a6
8. Ng3 h5 9. Bg5 Nh7 10. h4 d6 11. Qd2 Nxg5 12. hxg5 Bg4 13. f3 Bd7 14. Be2
axb5 15. f4 b4 16. Nd1 b3 17. a3 Qa5 18. Nc3 Na6 19. Rc1 Nc7 20. f5 Be5 21. Qd3
Bb5 22. Qf3 Bxg3+ 23. Qxg3 Bxe2 24. Kxe2 Nb5 25. Qh4 Nxc3+ 26. Rxc3 Qb5+ 27.
Rd3 Ra4 28. g4 Rxe4+ 29. Kd2 Rxg4 30. Qh3 c4 31. Rg3 Qxd5+ 0-1

[Event "Warren (MCO/1/17)"]
[Site "?"]
[Date "1986.??.??"]
[Round "?"]
[White "Mitchell, S.."]
[Black "Jones, Linston"]
[Result "1-0"]
[WhiteElo "2085"]
[BlackElo "1605"]
[PlyCount "71"]
[EventDate "1986.??.??"]

{1/(17)} 1. d4 e6 2. c4 Nf6 3. Nc3 Bb4 4. e3 Ne4 5. Nge2 Qf6 6. f3 Bxc3+ 7.
bxc3 Ng5 8. h4 Nxf3+ 9. gxf3 Qxf3 10. Rh3 Qc6 11. Nf4 Na6 12. Rb1 d6 13. c5 e5
14. Bb5 Qxb5 15. Rxb5 Bxh3 16. Nxh3 Rb8 17. cxd6 cxd6 18. Ba3 Nc7 19. Bxd6 Nxb5
20. Bxb8 exd4 21. cxd4 O-O 22. Qb3 a6 23. a4 Nxd4 24. exd4 Rxb8 25. Ng5 Re8+
26. Kd2 Re7 27. Qc4 g6 28. Qc8+ Kg7 29. Qd8 Kf6 30. Nxh7+ Kg7 31. Qxe7 Kxh7 32.
Qxf7+ Kh6 33. Ke3 b5 34. Kf4 bxa4 35. Qg8 g5+ 36. hxg5+ 1-0

[Event "Warren (MCO/3/2)"]
[Site "?"]
[Date "1986.??.??"]
[Round "?"]
[White "Mitchell, S.."]
[Black "Finegold, Ben"]
[Result "1-0"]
[WhiteElo "2085"]
[BlackElo "2570"]
[PlyCount "79"]
[EventDate "1986.??.??"]

{3/(2)} 1. d4 Nf6 2. c4 e6 3. Nc3 Bb4 4. e3 b6 5. Nge2 Bb7 6. a3 Be7 7. d5 d6
8. e4 c6 9. g3 cxd5 10. exd5 Qc8 11. Qa4+ Nbd7 12. Bg2 O-O 13. O-O Ne5 14. Nd4
exd5 15. cxd5 a6 16. Qb3 Rb8 17. h3 Re8 18. g4 Nfd7 19. Qc2 Bf8 20. b4 Qc4 21.
Be3 Rbc8 22. Rac1 Nd3 23. Rcd1 Nxf2 24. Qxf2 Qxc3 25. Qxf7+ Kh8 26. Bg5 Be7 27.
Bxe7 Qe3+ 28. Qf2 Qxe7 29. Nf5 Qf6 30. Qg3 Ne5 31. Nd4 Qg6 32. Ne6 Rc2 33. Rf5
Rg8 34. Be4 Rc4 35. Re1 Qe8 36. Rh5 h6 37. Qe3 Nf7 38. Bb1 b5 39. Rf1 Ng5 40.
Qxg5 1-0

[Event "Monroe (RVO/4/5)"]
[Site "?"]
[Date "1986.??.??"]
[Round "?"]
[White "Mitchell, S.."]
[Black "Cooper, T.."]
[Result "1/2-1/2"]
[WhiteElo "2080"]
[BlackElo "2145"]
[PlyCount "60"]
[EventDate "1986.??.??"]

{4/(5)} 1. d4 d5 2. c4 e6 3. Nc3 c5 4. cxd5 exd5 5. Nf3 Nc6 6. Bg5 Be7 7. Bxe7
Ngxe7 8. e3 cxd4 9. Nxd4 O-O 10. Be2 Qb6 11. Qd2 Nxd4 12. exd4 Be6 13. O-O Rac8
14. Rac1 Nc6 15. Rfd1 Rfd8 16. a3 a6 17. b4 Qa7 18. Bf3 b5 19. Ne2 a5 20. Rc5
axb4 21. axb4 Qa4 22. Rb1 Bf5 23. Nc3 Qc2 24. Qxc2 Bxc2 25. Rc1 Nxd4 26. Rxc8
Rxc8 27. Nxd5 Kf8 28. Bd1 Rd8 29. Ne3 Bxd1 30. Rxd1 Ne2+ 1/2-1/2

[Event "Warren (MCO/6/4)"]
[Site "?"]
[Date "1986.??.??"]
[Round "?"]
[White "Mitchell, S.."]
[Black "Brooks, John"]
[Result "0-1"]
[WhiteElo "2085"]
[BlackElo "2175"]
[PlyCount "86"]
[EventDate "1986.??.??"]

{6/(4)} 1. d4 Nf6 2. c4 e6 3. Nc3 Bb4 4. e3 b6 5. Nge2 Bb7 6. a3 Be7 7. d5 exd5
8. cxd5 O-O 9. g3 a5 10. Bg2 Na6 11. O-O Nc5 12. b3 Re8 13. Rb1 Bf8 14. f3 c6
15. b4 axb4 16. axb4 Na6 17. b5 Nb4 18. dxc6 dxc6 19. bxc6 Bxc6 20. Qxd8 Rexd8
21. Nd4 Bb7 22. Ncb5 Nd3 23. Rd1 Nxc1 24. Rbxc1 Bc5 25. Ra1 h5 26. Kf2 g5 27.
Nb3 Rxd1 28. Rxd1 Nd5 29. Nxc5 Ra2+ 30. Kg1 bxc5 31. Re1 Nb4 32. e4 Rd2 33. Nc3
Rc2 34. Nb5 Ba6 35. Bf1 Bxb5 36. Bxb5 c4 37. Rd1 c3 38. Rd8+ Kg7 39. Rc8 Rc1+
40. Kg2 c2 41. Ba4 Rd1 42. Bxc2 Rd2+ 43. Kg1 Rxc2 0-1

[Event "Warren (MCO/3/50)"]
[Site "?"]
[Date "1986.??.??"]
[Round "?"]
[White "Mistry, J.."]
[Black "Yee, T.."]
[Result "0-1"]
[WhiteElo "1605"]
[BlackElo "1605"]
[PlyCount "87"]
[EventDate "1986.??.??"]

{3/(50)} 1. e4 c5 2. Nf3 e6 3. c4 Nc6 4. Nc3 Nge7 5. g3 d5 6. exd5 exd5 7. d4
h6 8. dxc5 d4 9. Nb5 Ng6 10. Nbxd4 Bxc5 11. Nxc6 Qxd1+ 12. Kxd1 bxc6 13. Be3
Bxe3 14. fxe3 Bg4 15. Bg2 Rd8+ 16. Kc2 Bf5+ 17. Kb3 O-O 18. Nd4 Bd7 19. Nxc6
Bxc6 20. Bxc6 Rd3+ 21. Kb4 Rb8+ 22. Ka4 Rd6 23. Bb5 a6 24. Bd7 Rxd7 25. Rad1
Rdb7 26. c5 Ne5 27. Rd4 Rxb2 28. a3 a5 29. Rc1 Nc6 30. Rdc4 Rxh2 31. Rd1 Rhb2
32. Rd6 Rc8 33. Rc3 Kh7 34. Rb3 Rc2 35. Rb5 Rc3 36. e4 Rc4+ 37. Kb3 Rxe4 38.
Rb6 a4+ 39. Kc3 Ne5 40. Rd4 Rxc5+ 41. Kb4 Nd3+ 42. Kxa4 Rxd4+ 43. Rb4 Rxb4+ 44.
axb4 0-1

[Event "Warren (MCO/1/38)"]
[Site "?"]
[Date "1986.??.??"]
[Round "?"]
[White "Mistry, J.."]
[Black "Riseman, J.."]
[Result "0-1"]
[WhiteElo "1605"]
[BlackElo "1825"]
[PlyCount "70"]
[EventDate "1986.??.??"]

{1/(38)} 1. e4 e6 2. Nf3 c5 3. Nc3 Nc6 4. Bc4 Qc7 5. d3 a6 6. a4 Nf6 7. Be3 d6
8. O-O Bd7 9. d4 cxd4 10. Nxd4 Be7 11. f4 Nxd4 12. Qxd4 e5 13. fxe5 dxe5 14.
Qb6 Qxc4 15. Qxb7 Qc6 16. Qxc6 Bxc6 17. Rad1 O-O 18. Nd5 Nxd5 19. exd5 Bxa4 20.
d6 Bf6 21. Rd2 Rab8 22. Rfd1 Rfd8 23. d7 Rb7 24. b3 Bc6 25. Rd6 Rbxd7 26. Bb6
Rxd6 27. Rxd6 Rxd6 28. Bc5 Be7 29. Bxd6 Bxd6 30. Kh1 Bc5 31. c4 e4 32. b4 Bxb4
33. c5 Bxc5 34. g3 e3+ 35. Kg1 e2# 0-1

[Event "Warren (MCO/4/59)"]
[Site "?"]
[Date "1986.??.??"]
[Round "?"]
[White "Mistry, J.."]
[Black "Mains, D.."]
[Result "0-1"]
[WhiteElo "1605"]
[BlackElo "1605"]
[PlyCount "66"]
[EventDate "1986.??.??"]

{4/(59)} 1. e4 e5 2. Nf3 Nc6 3. Bc4 Nf6 4. Ng5 d5 5. exd5 Nxd5 6. Nc3 Qxg5 7.
Bxd5 Bc5 8. d4 Qd8 9. dxc5 O-O 10. Qf3 Nd4 11. Qd3 Bf5 12. Qd1 Nxc2+ 13. Kf1
Nxa1 14. Qf3 g6 15. Bxb7 Rb8 16. Bc6 Nc2 17. Bh6 Nd4 18. Qd5 Bd3+ 19. Kg1 Qxd5
20. Nxd5 Rfd8 21. Bg5 Rxb2 22. g3 Rdb8 23. Nc3 Nxc6 24. Kg2 Nd4 25. Re1 Rc2 26.
Nd5 Rxc5 27. Rxe5 Rc2 28. Bf6 Ne6 29. Ne7+ Kf8 30. Re3 Bf5 31. Ra3 Ng5 32. Rxa7
Be4+ 33. Kf1 Rb1# 0-1

[Event "Kalamazoo (WMUSO/4/2)"]
[Site "?"]
[Date "1986.??.??"]
[Round "?"]
[White "Mills, J.."]
[Black "Thompson, Dexter"]
[Result "1/2-1/2"]
[WhiteElo "2220"]
[BlackElo "2195"]
[PlyCount "150"]
[EventDate "1986.??.??"]

{4/(2)} 1. Nf3 d5 2. b3 Nf6 3. Bb2 g6 4. c4 c6 5. g3 Bg7 6. Bg2 O-O 7. O-O dxc4
8. bxc4 Qb6 9. Qc2 Na6 10. d3 Bd7 11. Nc3 Rad8 12. Rab1 Qc7 13. Ba3 Rfe8 14.
Rfd1 Qc8 15. Qb3 b6 16. Nd2 c5 17. Nb5 Qb8 18. Qa4 Nc7 19. Qxa7 Bxb5 20. Qxb8
Rxb8 21. cxb5 Nfd5 22. Bxd5 Nxd5 23. Bb2 Ra8 24. a3 Bxb2 25. Rxb2 Nc3 26. Re1
Rxa3 27. Nc4 Ra7 28. Nxb6 Rb8 29. Nc4 Rxb5 30. Rxb5 Nxb5 31. Rb1 Nc3 32. Rb2
Ra1+ 33. Kg2 Re1 34. Kf3 Rh1 35. Rc2 Nb5 36. Kg2 Nd4 37. Kxh1 Nxc2 38. Kg2 Kg7
39. Ne5 Na3 40. Kf3 f6 41. Nc6 e5 42. Ke4 c4 43. dxc4 Nxc4 44. Kd5 Nd2 45. Ke6
Ne4 46. f3 Nc3 47. e4 Nb5 48. Kd5 Nc3+ 49. Ke6 Ne2 50. Kd5 h5 51. Kc4 Ng1 52.
f4 exf4 53. gxf4 Nf3 54. Kd3 Nxh2 55. Ke2 g5 56. Kf2 Ng4+ 57. Kf3 Kf7 58. Nd4
Nh6 59. e5 fxe5 60. fxe5 Kg6 61. Ke4 g4 62. Ne2 Kg5 63. Nf4 h4 64. Ne6+ Kg6 65.
Nf4+ Kg7 66. Nh5+ Kf7 67. Kf4 Kg6 68. e6 h3 69. e7 Kf7 70. Kg5 h2 71. Ng3 Kxe7
72. Kxh6 Kf6 73. Kh5 h1=Q+ 74. Nxh1 Kf5 75. Kh4 Kf4 1/2-1/2

[Event "Kalamazoo (WMUSO/2/2)"]
[Site "?"]
[Date "1986.??.??"]
[Round "?"]
[White "Mills, J.."]
[Black "Moody, David"]
[Result "1-0"]
[WhiteElo "2220"]
[BlackElo "1970"]
[PlyCount "67"]
[EventDate "1986.??.??"]

{2/(2)} 1. d4 Nf6 2. Bg5 Ne4 3. Bf4 e6 4. f3 Nf6 5. e4 d5 6. Nc3 Bb4 7. e5 Nfd7
8. Nge2 c5 9. a3 Bxc3+ 10. Nxc3 Nc6 11. dxc5 O-O 12. Bb5 Nxc5 13. O-O Qb6 14.
Be3 d4 15. Bxd4 Nxd4 16. Qxd4 Rd8 17. Qe3 a6 18. Bd3 Bd7 19. Kh1 Rac8 20. Ne4
Ba4 21. b3 Bb5 22. Nd6 Rc6 23. c4 Rcxd6 24. exd6 Rxd6 25. Bc2 Bc6 26. Rad1 Rxd1
27. Rxd1 g6 28. b4 Nd7 29. Qxb6 Nxb6 30. b5 axb5 31. cxb5 Bd5 32. Be4 Kf8 33.
Rc1 Ke7 34. Rc7+ 1-0

[Event "Monroe (RVO/4/2)"]
[Site "?"]
[Date "1986.??.??"]
[Round "?"]
[White "Mills, J.."]
[Black "Karklins, A.."]
[Result "1/2-1/2"]
[WhiteElo "2265"]
[BlackElo "2360"]
[PlyCount "71"]
[EventDate "1986.??.??"]

{4/(2)} 1. Nf3 Nf6 2. d4 e6 3. c4 b6 4. Nc3 Bb7 5. Bg5 Bb4 6. Rc1 O-O 7. e3 d6
8. Bd3 Nbd7 9. O-O h6 10. Bh4 Bxc3 11. Rxc3 g5 12. Bg3 Ne4 13. Bxe4 Bxe4 14.
Nd2 Bg6 15. f4 f5 16. Nf3 Nf6 17. fxg5 Ne4 18. gxh6 Nxc3 19. bxc3 Bh5 20. Qd2
Bxf3 21. Rxf3 Kh8 22. Qf2 Qd7 23. e4 Rf7 24. d5 e5 25. exf5 Raf8 26. f6 Qa4 27.
Qe2 b5 28. cxb5 Rxf6 29. Rxf6 Rxf6 30. h3 Rg6 31. Qf3 Kh7 32. Kh2 Qxb5 33. Qf7+
Kxh6 34. Qf8+ Kh7 35. Qf7+ Rg7 36. Qf5+ 1/2-1/2

[Event "Monroe (RVO/2/4)"]
[Site "?"]
[Date "1986.??.??"]
[Round "?"]
[White "Mills, J.."]
[Black "Hayes, R.."]
[Result "1-0"]
[WhiteElo "2265"]
[BlackElo "2090"]
[PlyCount "85"]
[EventDate "1986.??.??"]

{2/(4)} 1. Nf3 Nf6 2. d4 g6 3. c4 d5 4. cxd5 Bg7 5. Nc3 Nxd5 6. e4 Nxc3 7. bxc3
O-O 8. Bc4 c5 9. O-O cxd4 10. cxd4 Bg4 11. Be3 Nc6 12. d5 Ne5 13. Rc1 Rc8 14.
Be2 Rxc1 15. Bxc1 Nxf3+ 16. Bxf3 Bxf3 17. Qxf3 Qa5 18. Qa3 Qxa3 19. Bxa3 Re8
20. Rc1 Be5 21. f3 f5 22. g3 f4 23. Kg2 Kf7 24. Rb1 b6 25. Rc1 Rd8 26. Rc6 Rd7
27. Bc1 fxg3 28. f4 Bb8 29. hxg3 Rc7 30. Rxc7 Bxc7 31. e5 b5 32. Kf3 a5 33. Ke4
e6 34. d6 Bd8 35. Be3 Ke8 36. g4 h5 37. f5 gxf5+ 38. gxf5 exf5+ 39. Kxf5 Kd7
40. Bf4 b4 41. e6+ Ke8 42. d7+ Kf8 43. Bd6+ 1-0

[Event "Kalamazoo (WMUSO/4/14)"]
[Site "?"]
[Date "1986.??.??"]
[Round "?"]
[White "Mihelich, John"]
[Black "Wykstra, S.."]
[Result "0-1"]
[WhiteElo "1605"]
[BlackElo "1650"]
[PlyCount "84"]
[EventDate "1986.??.??"]

{4/(14)} 1. e4 e6 2. Nf3 d5 3. e5 c5 4. d4 cxd4 5. Nxd4 Qc7 6. Bf4 Bd7 7. Nf3
Bc5 8. Bd3 Qb6 9. Be3 Bxe3 10. fxe3 Qxb2 11. Nbd2 Qb6 12. Nd4 Nc6 13. Rb1 Qc7
14. N2f3 Nxe5 15. O-O Nf6 16. Qe1 O-O 17. Qg3 Nxf3+ 18. Qxf3 e5 19. Qg3 Nh5 20.
Qh4 exd4 21. Qxh5 g6 22. Qxd5 dxe3 23. Rbe1 Qb6 24. Kh1 Bc6 25. Qg5 Rae8 26. h4
f6 27. Qg3 Re7 28. h5 g5 29. Re2 Qd4 30. Kg1 Be4 31. Rd1 Bxd3 32. Rxd3 Qf4 33.
Kh2 Qxg3+ 34. Kxg3 f5 35. Kh3 f4 36. h6 Kf7 37. Kg4 Kg6 38. Rd6+ Rf6 39. Rxf6+
Kxf6 40. Kh5 Kf5 41. g4+ Kf6 42. c4 Rd7 0-1

[Event "Kalamazoo (WMUSO/5/14)"]
[Site "?"]
[Date "1986.??.??"]
[Round "?"]
[White "Mihelich, John"]
[Black "Peppel, S.."]
[Result "0-1"]
[WhiteElo "1605"]
[BlackElo "1605"]
[PlyCount "122"]
[EventDate "1986.??.??"]

{5/(14)} 1. e4 e5 2. Nf3 d6 3. h3 Nf6 4. Nc3 c6 5. d4 exd4 6. Qxd4 Be7 7. Bd3
O-O 8. Bd2 Nbd7 9. O-O-O b5 10. h4 c5 11. Qe3 b4 12. Ne2 Ng4 13. Qf4 Nxf2 14.
Ng5 Nxd1 15. Kxd1 Ne5 16. Nc1 a5 17. Nf3 Bg4 18. Ke1 a4 19. Nxe5 dxe5 20. Qxg4
Qd4 21. c3 bxc3 22. Bxc3 Qe3+ 23. Qe2 Qxc1+ 24. Qd1 Qxd1+ 25. Kxd1 Rad8 26. Kc2
Rc8 27. Bxe5 c4 28. Be2 Rfd8 29. Rf1 Bxh4 30. Bg4 Rc5 31. Bc3 Rg5 32. Bf3 Bg3
33. Bd2 Rb5 34. Be2 Rdb8 35. Bc3 Be5 36. Bxe5 Rxe5 37. Rf4 Rbe8 38. Bf3 g5 39.
Rg4 h6 40. Rg3 f5 41. exf5 Rxf5 42. Kc3 Rf4 43. Bd5+ Kg7 44. Rh3 Rd8 45. Bc6
Rd3+ 46. Rxd3 cxd3 47. Kxd3 Rf2 48. Kc3 Kf6 49. Kb4 Rf4+ 50. Ka3 Ke5 51. Bxa4
Kd6 52. b4 Kc7 53. Be8 Kb6 54. Ka4 Rf2 55. Kb3 Rxg2 56. a4 Rg3+ 57. Kc4 Rh3 58.
a5+ Ka7 59. Kc5 Rc3+ 60. Kb5 g4 61. Bc6 g3 0-1

[Event "Kalamazoo (WMUSO/1/14)"]
[Site "?"]
[Date "1986.??.??"]
[Round "?"]
[White "Mihelich, John"]
[Black "DeRyke, S.."]
[Result "0-1"]
[WhiteElo "1605"]
[BlackElo "1910"]
[PlyCount "86"]
[EventDate "1986.??.??"]

{1/(14)} 1. e4 e5 2. Nf3 Nc6 3. b3 Bc5 4. Bb2 d6 5. h3 Nf6 6. d3 Be6 7. Be2 Qd7
8. a3 a5 9. c3 O-O 10. Qc2 Ne7 11. Nbd2 Ng6 12. O-O-O Nf4 13. Bf1 Bxf2 14. d4
exd4 15. cxd4 c6 16. e5 N6d5 17. Nc4 Be3+ 18. Kb1 Bf5 19. Bd3 Nxd3 20. Rxd3 Nf4
21. Ne1 Nxd3 22. Nxd3 Bh6 23. Nxd6 Bg6 24. Ka2 Qe6 25. g4 a4 26. Qc3 Qxb3+ 27.
Qxb3 axb3+ 28. Kxb3 Bxd3 29. Rg1 Bg5 30. Bc3 Be7 31. Bb4 Bxd6 32. Bxd6 Rfe8 33.
g5 b5 34. h4 Ra4 35. Rg4 Re6 36. Rf4 f6 37. gxf6 gxf6 38. Rf3 Bc4+ 39. Kb2 Kf7
40. h5 Be2 41. Rxf6+ Rxf6 42. exf6 Rxd4 43. Be5 Rd5 0-1

[Event "Warren (MCO/5/40)"]
[Site "?"]
[Date "1986.??.??"]
[Round "?"]
[White "Mellen, Steve"]
[Black "Thomas, Jeff"]
[Result "1-0"]
[WhiteElo "1790"]
[BlackElo "1605"]
[PlyCount "143"]
[EventDate "1986.??.??"]

{5/(40)} 1. d4 d5 2. Nf3 Nf6 3. e3 e6 4. Bd3 Be7 5. Nbd2 Nc6 6. c3 Bd7 7. O-O
O-O 8. Qe2 Bd6 9. e4 dxe4 10. Nxe4 Nxe4 11. Qxe4 f5 12. Qe2 Ne7 13. Ng5 Rf6 14.
Bc4 Nd5 15. Nf3 Bf4 16. Ne5 Bxc1 17. Raxc1 Be8 18. Qf3 Rh6 19. Bxd5 Qxd5 20.
Qxd5 exd5 21. f4 Re6 22. Rf3 g6 23. Re1 Bd7 24. Kf2 Rae8 25. Rfe3 Bb5 26. b3 a5
27. a4 Ba6 28. Nd7 Rxe3 29. Rxe3 Rxe3 30. Kxe3 b5 31. axb5 Bxb5 32. Nf6+ Kf7
33. Nxd5 c6 34. Nb6 Ke6 35. c4 Ba6 36. Na4 Kd6 37. Nc5 Bc8 38. Kd3 h6 39. h4
Ke7 40. d5 Kd6 41. Kd4 cxd5 42. cxd5 h5 43. g3 Kc7 44. Ke5 Kb6 45. Kd6 Kb5 46.
Ne6 Kb4 47. Kc7 Ba6 48. Nd4 Kc5 49. d6 Bc8 50. Kxc8 Kxd6 51. Kb7 Kc5 52. Nc6
Kb5 53. Nxa5 Kxa5 54. Kc6 Kb4 55. Kd6 Kxb3 56. Ke6 Kc4 57. Kf6 Kd4 58. Kxg6 Ke4
59. Kxh5 Kf3 60. Kg5 Kxg3 61. h5 Kf3 62. h6 Ke4 63. h7 Kf3 64. h8=Q Ke4 65.
Qe5+ Kf3 66. Qd4 Ke2 67. Qc3 Kf2 68. Kh4 Ke2 69. Kg3 Kd1 70. Qb2 Ke1 71. Qc2
Kf1 72. Qf2# 1-0

[Event "Warren (MCO/2/11)"]
[Site "?"]
[Date "1986.??.??"]
[Round "?"]
[White "Mellen, Steve"]
[Black "Kulbacki, James"]
[Result "1/2-1/2"]
[WhiteElo "1790"]
[BlackElo "2120"]
[PlyCount "40"]
[EventDate "1986.??.??"]

{2/(11)} 1. Nf3 d5 2. d4 Nf6 3. e3 e6 4. Bd3 c5 5. c3 Nbd7 6. Nbd2 Be7 7. O-O
O-O 8. Qe2 Qc7 9. Re1 a6 10. e4 dxe4 11. Nxe4 Nxe4 12. Qxe4 Nf6 13. Qf4 Qxf4
14. Bxf4 b5 15. dxc5 Bxc5 16. Be3 Bxe3 17. Rxe3 Bb7 18. Rd1 Rfd8 19. Bc2 Bxf3
20. Rxd8+ Rxd8 1/2-1/2

[Event "Warren (MCO/1/45)"]
[Site "?"]
[Date "1986.??.??"]
[Round "?"]
[White "Mellen, Steve"]
[Black "Calton, Bill"]
[Result "1-0"]
[WhiteElo "1790"]
[BlackElo "1605"]
[PlyCount "77"]
[EventDate "1986.??.??"]

{1/(45)} 1. d4 Nf6 2. Nf3 d6 3. Bg5 Bf5 4. c4 e6 5. Nc3 Be7 6. Bxf6 Bxf6 7. e4
Bg6 8. Be2 O-O 9. Nd2 Nc6 10. Nb3 Qe7 11. O-O Rad8 12. Re1 Rfe8 13. Rc1 Bg5 14.
Ra1 d5 15. exd5 exd5 16. Nxd5 Qd6 17. Nc5 Rb8 18. a3 Be4 19. Nc3 Bg6 20. Nb5
Qd8 21. d5 Ne5 22. Nxa7 Qd6 23. b4 b6 24. Na6 Ra8 25. Nb5 Qf6 26. Naxc7 Bh4 27.
g3 Bf5 28. Nxe8 Rxe8 29. Bf1 Qg6 30. Bg2 Bxg3 31. hxg3 Bg4 32. Qd4 f6 33. d6
Nf3+ 34. Bxf3 Bxf3 35. Rxe8+ Qxe8 36. d7 Qh5 37. d8=Q+ Kf7 38. Q4d7+ Kg6 39.
Q8e8+ 1-0

[Event "Monroe (RVO/1/12)"]
[Site "?"]
[Date "1986.??.??"]
[Round "?"]
[White "McKinney, T.."]
[Black "Sharp, D.."]
[Result "1/2-1/2"]
[WhiteElo "1900"]
[BlackElo "2130"]
[PlyCount "62"]
[EventDate "1986.??.??"]

{1/(12)} 1. e4 e5 2. Nf3 Nc6 3. Bb5 a6 4. Ba4 Nf6 5. O-O Be7 6. Re1 b5 7. Bb3
O-O 8. c3 d5 9. exd5 Nxd5 10. Nxe5 Nxe5 11. Rxe5 c6 12. d4 Bd6 13. Re1 Qh4 14.
g3 Qh3 15. Qd3 Bg4 16. Be3 Rae8 17. Nd2 Re6 18. Bxd5 cxd5 19. Qf1 Qh5 20. Qg2
Rfe8 21. h4 Qf5 22. Rec1 Be2 23. a3 Bxg3 24. fxg3 Rxe3 25. Nf1 Bxf1 26. Rxf1
Qg6 27. Kh2 Qg4 28. Rf2 Re2 29. Raf1 Rxf2 30. Rxf2 Re3 31. Qh3 Qe6 1/2-1/2

[Event "Monroe (RVO/3/14)"]
[Site "?"]
[Date "1986.??.??"]
[Round "?"]
[White "McKinney, T.."]
[Black "Murray, David"]
[Result "0-1"]
[WhiteElo "1900"]
[BlackElo "1985"]
[PlyCount "74"]
[EventDate "1986.??.??"]

{3/(14)} 1. e4 c5 2. Nf3 d6 3. d4 cxd4 4. Nxd4 Nf6 5. Nc3 a6 6. Bg5 e6 7. Qd2
Be7 8. O-O-O O-O 9. f4 b5 10. a3 Bb7 11. Bd3 Nbd7 12. Nb3 Qc7 13. Qe2 h6 14.
Bh4 Rfe8 15. Rhg1 Nxe4 16. Nxe4 Bxh4 17. Nxd6 Bd5 18. Nxe8 Rxe8 19. Kb1 Bf6 20.
g3 Rc8 21. Rge1 Nb6 22. Nc1 Na4 23. Qf2 Nc3+ 24. Ka1 Nxd1 25. Rxd1 Qa5 26. Kb1
b4 27. Qd2 Rc3 28. Nb3 Bxb3 29. Qg2 Bd5 30. Be4 Rxa3 31. bxa3 Qxa3 32. c3 Qb3+
33. Kc1 Qxc3+ 34. Qc2 Bxe4 35. Qxc3 bxc3 36. Rd6 Be7 37. Rxa6 Bc5 0-1

[Event "Monroe (MI Op/7/15)"]
[Site "?"]
[Date "1986.??.??"]
[Round "?"]
[White "McKinney, T.."]
[Black "Mason, D.."]
[Result "0-1"]
[WhiteElo "1900"]
[BlackElo "2070"]
[PlyCount "60"]
[EventDate "1986.??.??"]

{7/(15)} 1. e4 c6 2. d4 d5 3. Nc3 dxe4 4. Nxe4 Nd7 5. Nf3 Ngf6 6. Ng3 g6 7. Be2
Bg7 8. O-O O-O 9. c3 Qc7 10. Bg5 c5 11. Qd2 Rd8 12. Bf4 e5 13. dxe5 Ng4 14. e6
Nde5 15. exf7+ Kf8 16. Bxe5 Bxe5 17. Qc2 Bxg3 18. hxg3 Qxf7 19. Rad1 Bf5 20.
Bd3 Rxd3 21. Rxd3 c4 22. Ng5 cxd3 23. Qa4 Qe7 24. Qd4 Qxg5 25. Qh8+ Kf7 26.
Qxa8 Qh5 27. Qxb7+ Kf6 28. Qc6+ Be6 29. Qf3+ Kg7 30. Qb7+ Kh6 0-1

[Event "Monroe (MI Op/1b/7)"]
[Site "?"]
[Date "1986.??.??"]
[Round "?"]
[White "McKinney, T.."]
[Black "Lehotzky, Attila"]
[Result "1-0"]
[WhiteElo "1900"]
[BlackElo "2045"]
[PlyCount "69"]
[EventDate "1986.??.??"]

1. e4 d6 2. d4 Nf6 3. Nc3 g6 4. Nf3 Bg7 5. Be2 O-O 6. O-O Nbd7 7. h3 e5 8. Re1
exd4 9. Nxd4 a6 10. f4 Nc5 11. Bf3 Rb8 12. Kh1 Ne8 13. Be3 Qh4 14. Kh2 Bh6 15.
Qd2 Nf6 16. f5 Kg7 17. g3 Bxe3 18. Rxe3 Qh6 19. Rae1 Re8 20. Qf2 Ncd7 21. Rf1
Ne5 22. Kg2 c5 23. Nde2 gxf5 24. Nf4 Nc4 25. Ree1 fxe4 26. Nxe4 Nxe4 27. Rxe4
Rxe4 28. Bxe4 Bd7 29. g4 Kh8 30. Qf3 Qf6 31. Ng6+ Qxg6 32. Bxg6 Bc6 33. Be4 Ne5
34. Qf6+ Kg8 35. Bxc6 1-0

[Event "Monroe (MI Op/3/11)"]
[Site "?"]
[Date "1986.??.??"]
[Round "?"]
[White "McKinney, T.."]
[Black "Kulbacki, James"]
[Result "1/2-1/2"]
[WhiteElo "1900"]
[BlackElo "2100"]
[PlyCount "32"]
[EventDate "1986.??.??"]

{3/(11)} 1. e4 e6 2. d4 d5 3. e5 c5 4. c3 Qb6 5. Ne2 Nc6 6. g3 h5 7. Bg2 Nh6 8.
Qb3 Qxb3 9. axb3 Nf5 10. Bh3 g6 11. Na3 cxd4 12. Bxf5 gxf5 13. cxd4 Nb4 14. O-O
Bd7 15. Nc3 a6 16. Rd1 h4 1/2-1/2